000 00584nam a2200181 a 4500
001 000034789
005 20200930073914.0
008 111019s1982 mx 000 0 spa d
040 _aDO-SdBNP
_bspa
_cBNPHU
082 _a150.19
_bM385p
100 1 _aMartínez M., Miguel
_960286
245 1 3 _aLa psicología humanista :
_bfundamentación epistemológica, estructura y método /
_cMiguel Martínez M.
260 _aMéxico :
_bTrillas,
_c1982.
300 _a170 p ;
_c24 cm.
650 4 _aPsicología humanística
_935215
910 _aValidado. Control de calidad MFF
049 _aBNGR
999 _c34280
_d34280